<?xml version="1.0" encoding="UTF-8"?>
<collection xmlns="http://www.loc.gov/MARC21/slim">
 <record>
  <leader>02400nam a22001811a 4500</leader>
  <controlfield tag="001">1/27829</controlfield>
  <controlfield tag="008">      s2001    lu     f      00010 gre d</controlfield>
  <datafield tag="022" ind1="0" ind2=" ">
   <subfield code="a">0254-1483</subfield>
  </datafield>
  <datafield tag="028" ind1="3" ind2="1">
   <subfield code="a">KT-CO-01-627-GR-C</subfield>
  </datafield>
  <datafield tag="035" ind1=" " ind2=" ">
   <subfield code="l">29693</subfield>
  </datafield>
  <datafield tag="040" ind1=" " ind2=" ">
   <subfield code="a">GR-PeUP</subfield>
  </datafield>
  <datafield tag="084" ind1="-" ind2="-">
   <subfield code="2">KET</subfield>
   <subfield code="a">COM (2001) 578 τελικό</subfield>
  </datafield>
  <datafield tag="110" ind1="2" ind2=" ">
   <subfield code="a">Commission of the European Communities.</subfield>
  </datafield>
  <datafield tag="245" ind1="1" ind2="0">
   <subfield code="a">Πρόταση κανονισμού του Συμβουλίου για την τροποποίηση των κανονισμών (ΕΚ, ΕΚΑΧ, Ευρατόμ) αριθ. 106/2001του Συμβουλίου της 15ης Ιανουαρίου 2001 για τον καθορισμό των διορθωτικών συντελεστών που εφαρμόζονται από την 1η Ιουλίου 2000 στις αποδοχές των υπαλλήλων των Ευρωπαϊκών Κοινοτήτων που είναι τοποθετημένοι σε τρίτες χώρες και αριθ. 1794/201 του Συμβουλίου της 10ης Σεπτεμβρίου 2001 για τον καθορισμό των διορθωτικών συντελεστών που εφαρμόζονται από την 1η Ιανουαρίου 2001 στις αποδοχές των υπαλλήλων των Ευρωπαϊκών Κοινοτήτων που είναι τοποθετημένοι σε τρίτες χώρες και την διόρθωση των διορθωτικών συντελεστών που εφαρμόζονται από την 1η Ιουλίου 2000 και 1η Ιανουαρίου 2001 στις αποδοχές των υπαλλήλων των Ευρωπαϊκών Κοινοτήτων που είναι τοποθετημένοι στη Νάκα (Ιαπωνία):</subfield>
   <subfield code="b">υποβληθείσα από τη Επιτροπή/</subfield>
   <subfield code="c">Επιτροπή των Ευρωπαϊκών Κοινοτήτων</subfield>
  </datafield>
  <datafield tag="260" ind1="0" ind2=" ">
   <subfield code="a">Βρυξέλλες, Λουξεμβούργο:</subfield>
   <subfield code="b">Υπηρεσία Επισήμων Εκδόσεων των Ευρωπαϊκών Κοινοτήτων,</subfield>
   <subfield code="c">15.10.2001</subfield>
  </datafield>
  <datafield tag="300" ind1=" " ind2=" ">
   <subfield code="a">10 σελ.</subfield>
  </datafield>
  <datafield tag="852" ind1=" " ind2=" ">
   <subfield code="a">INST</subfield>
   <subfield code="b">UNIPILB</subfield>
   <subfield code="c">KET</subfield>
   <subfield code="e">20050901</subfield>
   <subfield code="h">KET  COM (2001) 578 τελικό</subfield>
   <subfield code="p">COM (2001) 578</subfield>
   <subfield code="q">COM (2001) 578</subfield>
   <subfield code="t">NOLOAN</subfield>
   <subfield code="y">23</subfield>
   <subfield code="4">1</subfield>
  </datafield>
  <datafield tag="856" ind1="4" ind2="1">
   <subfield code="u">http://eur-lex.europa.eu/LexUriServ/LexUriServ.do?uri=COM:2001:0578:FIN:EL:PDF</subfield>
  </datafield>
 </record>
</collection>
